000 01188cam a22002771i 4500
003 SA-RiAUC
005 20241120131611.0
008 241107s1999 ts g 000k0 ara c
040 _aSA-RiAUC
_bara
_cSA-RiAUC
_erda
082 0 4 _a237.3
_qSA-RiAUC
090 _a237.3
_bا ب ن ك
100 1 _aبن كيران، محمد الطيب بن عبد المجيد بن عبد السلام،
_d1171-1227 هجري
_eمؤلف.
245 1 0 _aشرح الصلاة المشيشية /
_cمحمد الطيب بن عبد المجيد بن كيران ؛ تحقيق بسام محمد بارود.
250 _aالطبعة الأولى.
264 1 _aأبو ظبي :
_bالمجمع الثقافي،
_c1999
300 _a274 صفحة ؛
_c24 سم.
336 _aنص
_btxt
_2rdacontent
_3كتاب
337 _aبدون وسيط
_bn
_2rdamedia
338 _aمجلد
_bnc
_2rdacarrier
490 0 _aرسائل مغربية ؛
_v2
650 7 _aالصلاة على النبي (صلى الله عليه وسلم)
_2aucsh
650 7 _aالأدعية والأوراد
_2aucsh
700 1 _aبارود، بسام محمد
_eمحقق.
942 _2ddc
_cBOOK
_n0
949 _aSA-JeALM
_d241107
_umohamedma123
_n1
999 _c2580
_d2580